00866nam a2200265 u 45000010006000000050017000060080041000230350010000640410008000740820008000821000047000902450062001372500010001992600033002093000018002425000019002606500040002796500031003196500044003509420010003949990017004045020010004215260007004319520162004382235220260428111842.0960313s1963 ||||||m| spa  a22352 aspa 4a33810aHiguita Lopez, Eustaquio4auteaut950383313aLa productividad moderna y su programa para el incremento a01.ED aMedellín :bAteneo,c1963. a100 páginas aU de a fac ce. 7aDesarrollo económico2lemb932780 7aProducción2embne939734 7aProductividad del trabajo2lemb9160724 cTESIS c22682d22682 b62c9 a62 001040708TESISBCaBCbBCd1998-05-14eMaterial adquirido por donacióniC34058l0o338 H638 e4p61000002267348r2023-04-20 00:00:00t1w2023-04-20yTESIS